Syair si burung nuri
| Other Authors: | |
|---|---|
| Format: | Book |
| Published: |
Kuala Lumpur :
Dewan Bahasa dan Pustaka ,
2007
|
| Series: | Siri warisan sastera klasik
|
| Subjects: |
MARC
| LEADER | 00000cam a2200000 7i4500 | ||
|---|---|---|---|
| 001 | 0000021356 | ||
| 005 | 20080717.0 | ||
| 008 | 080717 | ||
| 020 | |a 9836295002 | ||
| 090 | 0 | 0 | |a 899.231 |b SYA |
| 245 | 1 | 0 | |a Syair si burung nuri |c penyelenggara Wahyunah Abd. Gani |
| 260 | |a Kuala Lumpur : |b Dewan Bahasa dan Pustaka , |c 2007 | ||
| 440 | |a Siri warisan sastera klasik | ||
| 650 | 0 | |a Malay poetry | |
| 650 | 0 | |a Syair | |
| 700 | 0 | |a Wahyunah Abd. Gani | |
| 999 | |a 0001029367 |b Book |c Adult Collection |e Perbadanan Perpustakaan Awam Johor | ||